BIBLIOTECA PODER JUDICIAL
Portal Judicial TDF

Breves reflexiones sobre el voto a partir de la aprobación de la boleta única / (Registro nro. 5435)

000 -LEADER
fixed length control field 01149nab a22002417a 4500
003 - CONTROL NUMBER IDENTIFIER
control field OSt
005 - DATE AND TIME OF LATEST TRANSACTION
control field 20250909101410.0
008 - FIXED-LENGTH DATA ELEMENTS--GENERAL INFORMATION
fixed length control field 190604e xxu||||| |||| 00| 0 spa d
040 ## - CATALOGING SOURCE
Transcribing agency PJ
100 ## - MAIN ENTRY--PERSONAL NAME
9 (RLIN) 6115
Personal name Pravato, Luis Emilio
245 13 - TITLE STATEMENT
Title Breves reflexiones sobre el voto a partir de la aprobación de la boleta única /
Statement of responsibility, etc Pravato, Luis Emilio
260 ## - PUBLICATION, DISTRIBUTION, ETC. (IMPRINT)
Place of publication, distribution, etc Ciudad Autónoma de Buenos Aires :
Name of publisher, distributor, etc Thomson Reuters La Ley,
Date of publication, distribution, etc 2025.
300 ## - PHYSICAL DESCRIPTION
Extent p. 23-31
500 ## - GENERAL NOTE
General note Cita Online: TR LALEY AR/DOC/135/2025.<br/>
505 ## - FORMATTED CONTENTS NOTE
Formatted contents note Sumario: I. Introducción.— II. La dialéctica entre el voto y la representación política.— III. Ejercicio del voto. Un recorrido por la historia electoral argentina.— IV. A modo de conclusión.
505 ## - FORMATTED CONTENTS NOTE
Title ¿Te interesa el texto completo? Solicitalo al correo: koha@justierradelfuego.gov.ar<br/>
650 #0 - SUBJECT ADDED ENTRY--TOPICAL TERM
9 (RLIN) 1283
Topical term or geographic name as entry element SUFRAGIO
650 #0 - SUBJECT ADDED ENTRY--TOPICAL TERM
9 (RLIN) 904
Topical term or geographic name as entry element DERECHO ELECTORAL
650 #0 - SUBJECT ADDED ENTRY--TOPICAL TERM
9 (RLIN) 1285
Topical term or geographic name as entry element ELECCIONES
650 #0 - SUBJECT ADDED ENTRY--TOPICAL TERM
9 (RLIN) 6447
Topical term or geographic name as entry element BOLETA ÚNICA PAPEL
773 0# - HOST ITEM ENTRY
Host Biblionumber 2714
Host Itemnumber 3171
Place, publisher, and date of publication Ciudad Autónoma de Buenos Aires : Thomson Reuters La Ley, 2014-
Title Revista anales de legislación argentina. Nº 4 - Abril 2025.
942 ## - ADDED ENTRY ELEMENTS (KOHA)
Source of classification or shelving scheme
Koha item type Analítica Artículo de Revista

No hay ítems disponibles.

12 de Octubre 789 Ushuaia - Tel:  54(02901)441571
Horario de Atención: 8.00 a 17.00 hs. 
bibliotecaush@justierradelfuego.gov.ar
koha@justierradelfuego.gov.ar
Seguinos en nuestras redes @bibliojustdf 

Con tecnología Koha